00421nam a2200169 a 4500008004100000020001500041020001500056050001500071100001600086245003400102260002500136300002200161350000900183650001400192650003100206650001400237120416s1981 ||||||||||||||||| || u a0582643708 a0582643740 aHC 800 Ake aAke, Claude12aA political economy of Africa aEssexbLongmanc1981 aviii, 196p. : ill a0.00 0aECONOMICS aAFRICA--COLONIAL INFLUENCE aTEXTBOOKS